000 00332nam a2200157Ia 4500
100 _aB'Far Reza
650 _aMobile computing
942 _cBK
366 _f25
245 _aMobile computing principles
260 _bCambridge
_c2005
082 _a621.382
_bBFA
300 _a861
546 _aENGLISH
_cComputers
999 _c28918
_d28918